| 000 | 01427nam a2200217Ia 4500 | ||
|---|---|---|---|
| 003 | Ost | ||
| 005 | 20260507075638.0 | ||
| 008 | 260507s9999||||xx |||||||||||||| ||und|| | ||
| 040 | _cfsecg | ||
| 041 | _aara | ||
| 082 | _a657 | ||
| 100 |
_aشحاتة، أحمد بسيوني _eمؤلف |
||
| 245 | 0 |
_aالمحاسبة المالية المتقدمة / _c أحمد بسيوني شحاتة |
|
| 260 |
_aالإسكندرية: _bدار الجامعة الجديدة, _c2002 |
||
| 300 |
_a440 صفحة؛ _bإيضاحات ؛ _c23 سم |
||
| 520 | _aالقوائم المالية الموحدة في مجال محاسبة الفروع المحلية والاجنبية،القوائم المالية للفروع المحلية ،القوائم المالية للفروع الأجنبية -المحاسبة في الشركات القابضة والتابعة ،المحاسبة عن الانضمام والاندماج،اعداد القوائم ،المبيعات البينية للبضائع -المحاسبة عن التقلبات في مستويات الأسعار ،الاطار العام ،المداخل المحاسبية ،مداخل الربط بين ترجمة القوائم المالية الأجنبية وظاهرة التضخم | ||
| 653 | _aالمحاسبة - الشركات | ||
| 653 | _aالمحاسبة المالية | ||
| 700 |
_aبدوي، محمد عباس _eمؤلف ثانوي |
||
| 942 | _cكتاب | ||
| 999 |
_c45345 _d45345 |
||